000 00554na a2200217 4500
001 23451
003 MIRAKIL
005 20181213155134.0
008 170929b tu 000 0
020 _a9786058318045
040 _aMilas
_btur
_cTR-AnCHP
041 _atur
082 _a813.42
_bU97l 2017
090 _a813.42 U97l 2017
100 _aUysal, Ümit
245 _aLavinya'nın aşkla imtihanı
_cÜmit Uysal
260 _aİstanbul
_bDante
_c2017
300 _a151 s.
_c20 sm.
650 _aTürk edebiyatı
_xHikayeler
942 _2dcc
_cBKS
999 _c7298
_d7298